Formel 1 Fahrerwertung 2022 - Statistiken

Allgemein
  • Dieses Quiz wurde 314 mal gespielt
  • Das Durchschnittsergebnis liegt bei 16 aus 22
Antwortstatistiken
Platzierung Punkte Fahrer % Korrekt
1 454 Max Verstappen
100%
2 308 Charles Leclerc
96%
3 305 Sergio Perez
95%
5 246 Carlos Sainz
89%
6 240 Lewis Hamilton
89%
4 275 George Russell
88%
7 122 Lando Norris
83%
8 92 Esteban Ocon
77%
9 81 Fernando Alonso
76%
11 37 Daniel Ricciardo
66%
12 37 Sebastian Vettel
66%
10 49 Valtteri Bottas
64%
13 25 Kevin Magnussen
62%
16 12 Mick Schumacher
62%
15 18 Lance Stroll
61%
20 2 Nicholas Latifi
60%
14 23 Pierre Gasly
59%
19 4 Alexander Albon
57%
22 0 Nico Hülkenberg
55%
17 12 Yuki Tsunoda
55%
18 6 Guanyu Zhou
53%
21 2 Nyck de Vries
52%
Keine übereinstimmenden Quizze gefunden
Verteilung der Resultate
Anzahl Personen mit jedem Resultat
Perzentil nach korrekt beantworteten Fragen
Ihre Resultats-Entwicklung
Sie haben dieses Quiz noch nicht gespielt